000 00449 a2200157 i 4500
001 198447
003 47113
090 _a198447
100 _a u||y y50 zz
200 _aРепертуар балалаечника
_hВ.3
__Репертуар балалаечника. В.3
210 _d1966
_aМосква
_cМузыка
215 _a32 с.
__32
675 _a780.61
686 _a787
_2rubbk
942 _2udc
_cNOTE
_j787
_z47113
999 _c47113
_d47113